LEADER 01311nam2 2200325 450 001 000020079 005 20070620114146.0 100 $a20070611d1976----km-y0itaa50------ba 101 0 $agre$agrc 102 $aGR 200 1 $aKorinthiaka kai Lakonika$feisagoge sta dyo biblia kritiko ypomnema kai apokatastase tou keimenou metaphrase kai semeioseis istorikes, archaiologikes, mythologikes Nik. D. Papachatze 210 $aAthena$cEkdotike Athenon$d1976 215 $a574 p.$cill.$d30 cm. 300 $aIn testa al front.: Pausaniou Ellados Periegesis biblio 2. kai 3. 461 1$1001000020055$12001$aPausaniou Ellados Periegesis$v2 607 $aCorinzia 607 $aLaconia 676 $a913.8$v(21. ed.)$9Geografia del mondo anticoo. Grecia 700 0$aPausanias$0163943 702 1$aPapachatze,$bNikolaos D. 801 0$aIT$bUniversità della Basilicata - B.I.A.$gRICA$2unimarc 912 $a000020079 996 $aKorinthiaka kai Lakonika$986309 997 $aUNIBAS BAS $aLETTERE CAT $aSTD053$b01$c20070611$lBAS01$h0944 CAT $aMDL$b00$c20070620$lBAS01$h0942 CAT $aMDL$b00$c20070620$lBAS01$h1141 FMT Z30 -1$lBAS01$LBAS01$mBOOK$1BASA4$APolo di Matera$2GEN$BCollezione generale$3MSR-O II-14$6105058$5L105058$820070611$f02$FPrestabile Generale$hVol. 2 LEADER 01853nam 2200553 a 450 001 9910457696903321 005 20200520144314.0 010 $a1-61470-092-3 035 $a(CKB)2550000000060057 035 $a(EBL)3019681 035 $a(SSID)ssj0000569273 035 $a(PQKBManifestationID)12216475 035 $a(PQKBTitleCode)TC0000569273 035 $a(PQKBWorkID)10540826 035 $a(PQKB)11092937 035 $a(MiAaPQ)EBC3019681 035 $a(Au-PeEL)EBL3019681 035 $a(CaPaEBR)ebr10671246 035 $a(OCoLC)757741584 035 $a(EXLCZ)992550000000060057 100 $a20090127d2010 uy 0 101 0 $aeng 135 $aur|n|---||||| 181 $ctxt 182 $cc 183 $acr 200 10$aInformation path functional and informational macrodynamics$b[electronic resource] /$fVladimir S. Lerner 210 $aHauppauge, N.Y. $cNova Science Publishers$dc2010 215 $a1 online resource (507 p.) 300 $aDescription based upon print version of record. 311 $a1-60741-139-3 320 $aIncludes bibliographical references and index. 327 $apt. 1. The information path functional's foundation -- pt. 2. The information path functional's and IMD's applications. 606 $aStochastic control theory 606 $aVariational principles 606 $aSystem analysis$xMathematical models 608 $aElectronic books. 615 0$aStochastic control theory. 615 0$aVariational principles. 615 0$aSystem analysis$xMathematical models. 676 $a629.8/312 700 $aLerner$b Vladimir S.$f1931-$0889639 801 0$bMiAaPQ 801 1$bMiAaPQ 801 2$bMiAaPQ 906 $aBOOK 912 $a9910457696903321 996 $aInformation path functional and informational macrodynamics$91987237 997 $aUNINA